The challenge of change : start school improvement now! /

Contributors address the problems that have led to the school change movement and offer solutions and proposals for reform. The articles provide not only practical implementation examples involving schools and communities, but also a look at the essential role hope and emotion play in the change pro...

Full description

Bibliographic Details
Corporate Author: Sage Publications
Other Authors: Fullan, Michael
Format: eBook
Language:English
Published: Thousand Oaks, Calif. ; London : Corwin, 2009.
Edition:2nd ed.
Subjects:
Online Access:Connect to the full text of this electronic book

MARC

Tag First Indicator Second Indicator Subfields
LEADER 00000nam a2200000 a 4500
001 in00004753921
006 m|||||o||d||||||||
007 cr |||||||||||
008 120419s2009 caua fo| 001|0|eng|d
005 20231120173426.9
020 |a 9781452218991 (ebook) :  |c No price 
035 |a (OCoLC)806033015 
035 |a (StDuBDS)EDZ0000077450 
040 |a StDuBDS  |b eng  |c StDuBDS  |e pn 
050 0 |a LB2822.8  |b .C52 2009 
082 0 4 |a 371.207  |2 23 
245 0 4 |a The challenge of change :  |b start school improvement now! /  |c edited by Michael Fullan. 
250 |a 2nd ed. 
260 |a Thousand Oaks, Calif. ;  |a London :  |b Corwin,  |c 2009. 
300 |a 1 online resource (xviii, 232 pages) :  |b illustrations. 
336 |a text  |b txt  |2 rdacontent 
337 |a computer  |b c  |2 rdamedia 
338 |a online resource  |b cr  |2 rdacarrier 
500 |a Previous. edition: published as The challenge of school change. 1997. 
520 8 |a Contributors address the problems that have led to the school change movement and offer solutions and proposals for reform. The articles provide not only practical implementation examples involving schools and communities, but also a look at the essential role hope and emotion play in the change process. 
521 |a Specialized. 
588 |a Description based on print version record. 
504 |a Includes bibliographical references and index. 
650 0 |a School improvement programs. 
650 0 |a Community and school. 
650 0 |a Educational change. 
650 0 |a Educational planning. 
655 7 |a Electronic books.  |2 local 
700 1 |a Fullan, Michael. 
710 2 |a Sage Publications. 
730 0 |a Challenge of school chnage. 
776 0 8 |i Print version :  |z 9781412953764 
856 4 0 |u http://proxy.library.tamu.edu/login?url=https://sk.sagepub.com/books/the-challenge-of-change-2e  |z Connect to the full text of this electronic book  |t 0 
955 |a SAGE Knowledge 
999 f f |s 705e78e7-75e0-441b-a367-0e3ced55cff9  |i 04c1799a-3980-48c1-b260-f6f8d87c4893  |t 0 
952 f f |a Texas A&M University  |b College Station  |c Electronic Resources  |d Available Online  |t 0  |e LB2822.8 .C52 2009  |h Library of Congress classification 
998 f f |a LB2822.8 .C52 2009  |t 0  |l Available Online